000 00430pab a2200145 454500
008 180718b1987 xxu||||| |||| 00| 0 eng d
100 _aCheek - Milby, Kathleen
245 _aReasserting the congressional power of the purse
_bExpectations and experience
260 _c1987
300 _a1-76
362 _aJul.-Dec.
650 _aBudgetary Control
773 _aJournal of Constitutional and Parliamentary Studies
909 _a4883
999 _c4883
_d4883